Railroad transportation : its history and its laws /

Gespeichert in:
Bibliographische Detailangaben
1. Verfasser: Hadley, Arthur Twining, 1856-1930
Format: Buch
Sprache:English
Veröffentlicht: New York : G.P. Putnam New York : Johnson Reprint Copr. , [1968].
Schriftenreihe:History of American economy; studies and materials for study
Schlagworte:
LEADER 00939nam a2200229 i 4500
001 c000031857
003 CARM
005 00000000000000.0
008 841017s1903 vp eng d
019 1 |a 9706975  |5 LACONCORD2021 
035 |a (OCoLC)221928676  |5 LACONCORD2021 
100 1 |a Hadley, Arthur Twining,  |d 1856-1930, 
245 1 0 |a Railroad transportation :  |b its history and its laws /  |c by Arthur T. Hadley. 
260 |a New York :  |b G.P. Putnam New York : Johnson Reprint Copr. ,  |c [1968]. 
300 |a 269 p. :  |b illus. 
490 0 |a History of American economy; studies and materials for study 
500 |a Includes bibliographical footnotes. 
650 0 |a Railroads. 
650 0 |a Railroad law. 
852 8 |b CARM  |h A2:AF38A0  |i B01419  |p 0067069  |f BK 
999 f f |i 36488658-2af1-51dc-961c-05d5bdbfafc5  |s ce1416b3-9fde-5f3e-bd59-02f6a0c9ae9d 
952 f f |p Can circulate  |a CAVAL  |b CAVAL  |c CAVAL  |d CARM 1 Store  |e B01419  |f A2:AF38A0  |h Other scheme  |i book  |m 0067069